000 00693nam a2200253Ia 4500
003 OSt
005 20221005064751.0
006 a|||||r|||| 00| 0
007 ta
008 221004b |||||||| |||| 00| 0 eng d
020 _a0631167587
024 _a79820
037 _cTextual
040 _aCRL
_cCRL
_beng
041 _2eng
_aeng
082 _aO122:g, 111P2
100 _aCoward David
245 0 _aHistory of French literature
_b From Chanson de Geste to cinema
260 _aMalden
_bBlackwell Publishing USA
_c2002
300 _a606p.
_ccm.
650 _aENGLISH LITERATURE
942 _hO122:g, 111P2
_cTEXL
_2cc
999 _c973605
_d973605